000 00963cam a2200289 a 4500
001 000005461
005 20200929151703.0
008 990706s1999 sp a b 000 p spa
020 _a843761693X
040 _aDO-SdBNP
_cDLC
_dDLC
082 _a861.64
_bG724p, 1999
100 1 _aGoytisolo, José Agustín,
_d1928-1999
_99185
245 1 0 _aPoesía /
_cJosé Agustín Goytisolo ; edición de Carme Riera.
250 _a3a ed.
260 _aMadrid :
_bCátedra,
_c1999.
300 _a343 p. :
_bil. ;
_c18 cm.
490 1 _aLetras hispánicas
_v454
504 _aIncluye referencias bibliográficas (p. 95-103).
600 1 4 _aGOYTISOLO, JOSÉ AGUSTÍN,
_d1928-
_xCRÍTICA E INTERPRETACIÓN
_915515
650 4 _aPoesía española
_9631
650 4 _aPoesía amorosa
_99227
650 4 _aLiteratura española
_9632
700 1 _aRiera, Carme,
_eed.
_915516
830 0 _aLetras hispánicas ;
_v454
_94208
910 _aCatalogación por copia / LC
910 _aWM
999 _c5261
_d5261